00411 2200169 4500001002100000005001500021008004100036035001900077041000700096082001300103090001300116100001400129245003900143260002200182300002200204650001500226INLIS00000000001290820241224114444241224||||||||| | ||| |||| || |  0010-1224012908 aid0 a371.02.2 a371.02.20 aKONPRENSI00aSOAL - SOAL PREDIKSI UJIAN SEKOLAH aSolobShindhunata a127hlm20.5x27.5cm 0apendidikan